| 000 | 00582nam a2200205 a 4500 | ||
|---|---|---|---|
| 005 | 20140310183413.0 | ||
| 008 | 070907s19uu xx 00 eng d | ||
| 020 | _a15644148483 | ||
| 050 |
_aHD 31 _b.Ep67 2006 |
||
| 100 | _aEppler, Mark | ||
| 245 |
_aManagement mess-ups : _b57 pitfalls you can avoid / _cMark Eppler |
||
| 260 |
_aFranklin Lakes, New Jersey : _bCareer Press, _c2006. |
||
| 300 |
_a286 p. : _c22 cm. |
||
| 521 | _aBSBA | ||
| 650 | _aManagement. | ||
| 650 | _aExecutives. | ||
| 650 | _aOrganizational effectiveness. | ||
| 942 |
_cBK _2lcc _kFOR |
||
| 999 |
_c22537 _d22537 |
||